000
00295nam a22001217a 4500
082
_a
340
_b
ZAF
100
_a
Zafar S M
245
_a
Be A Competent Lawyer/
_c
S M Zafar
260
_a
Lahore,
_b
Sagar Publishers
_c
2014.
300
_a
208,p.
650
_a
Competent Lawyer
_9
127968
942
_2
ddc
_c
BK
999
_c
612964
_d
612964